Vista normal
Vista MARC
- Jornades de Debat sobre Teatre Infantil i Juvenil a Catalunya
Entrada Nom de reunió
Número de registros utilizados en: 1
001 - NÚMERO DE CONTROL
- campo de control: 169467
003 - IDENTIFICADOR DEL NÚMERO DE CONTROL
- campo de control: ES-BaIT
005 - FECHA Y HORA DE LA ÚLTIMA TRANSACCIÓN
- campo de control: 20260511134846.0
008 - DATOS DE LONGITUD FIJA
- campo de control de longitud fija: 260511|| aca||aabn | a|a d
040 ## - FUENTE DE LA CATALOGACIÓN
- Centro catalogador/agencia de origen: ES-BaIT
111 2# - ENCABEZAMIENTO--NOMBRE DE CONGRESO/REUNIÓN
- Nombre de congreso/reunión o jurisdicción como elemento de entrada: Jornades de Debat sobre Teatre Infantil i Juvenil a Catalunya
- Fecha del congreso o de la firma del tratado: (1986 :
- Sede del congreso/Lugar de la reunión: Terrassa, Catalunya)


